[Event "Harmonie Chess Tournament 2005"]
[Site "Groningen NED"]
[Date "2005.12.28"]
[Round "5.3"]
[White "Rau, Hannes"]
[Black "Frolyanov, Dmitry"]
[Result "1/2-1/2"]
[WhiteElo "2421"]
[BlackElo "2508"]
[PlyCount "59"]
[EventDate "2005.12.23"]
[EventType "tourn"]
[EventRounds "9"]
[EventCountry "NED"]
[EventCategory "7"]
[Source "lmi"]
[SourceDate "2005.12.31"]

1. d4 d5 2. c4 e6 3. Nf3 c6 4. Bg5 Be7 5. Bxe7 Qxe7 6. Nc3 Nf6 7. e3 O-O 8. Qc2
b6 9. cxd5 exd5 10. Bd3 Nbd7 11. O-O Bb7 12. Rac1 c5 13. Rfe1 c4 14. Bf1 a6 15.
b3 b5 16. bxc4 dxc4 17. e4 b4 18. Nd5 Nxd5 19. exd5 Qd6 20. Bxc4 Nf6 21. Ne5
Bxd5 22. Bxd5 Nxd5 23. Qc6 Rad8 24. g3 g6 25. Rc5 Rfe8 26. Qxd6 Rxd6 27. Rb1
Kg7 28. Kg2 Re7 29. Rb2 Rb7 30. Nc4 1/2-1/2

[Event "Harmonie Chess Tournament 2005"]
[Site "Groningen NED"]
[Date "2005.12.28"]
[Round "5.5"]
[White "Brandenburg, Daan"]
[Black "Ernst, Sipke"]
[Result "0-1"]
[WhiteElo "2395"]
[BlackElo "2473"]
[PlyCount "118"]
[EventDate "2005.12.23"]
[EventType "tourn"]
[EventRounds "9"]
[EventCountry "NED"]
[EventCategory "7"]
[Source "lmi"]
[SourceDate "2005.12.31"]

1. Nf3 Nf6 2. g3 g6 3. Bg2 Bg7 4. O-O O-O 5. d3 d5 6. Nbd2 Re8 7. e4 e5 8. a3
a5 9. Re1 Nc6 10. Rb1 a4 11. h3 h6 12. Nh2 dxe4 13. dxe4 Be6 14. Nhf1 Qc8 15.
Kh2 Rd8 16. Ne3 Nd4 17. Ndc4 b5 18. Nxe5 Ba2 19. Bd2 Bxb1 20. Qxb1 Qe6 21. f4
Nb3 22. Bc3 Nd2 23. Qc1 Nfxe4 24. Bxd2 Rxd2 25. Nf1 Rxg2+ 26. Kxg2 Bxe5 27.
fxe5 Ng5 28. Re3 Qd5+ 29. Kf2 Nxh3+ 30. Ke1 Re8 31. Qd2 Rxe5 32. Qxd5 Rxd5 33.
Nd2 Ng5 34. b3 axb3 35. cxb3 Ne6 36. Ne4 Rd4 37. Nc3 c6 38. Ne2 Rd8 39. Nc1 Nd4
40. Kf2 Ra8 41. b4 Kf8 42. Rd3 Nf5 43. Rc3 Ke7 44. g4 Nd6 45. Rxc6 Kd7 46. Rc2
Rxa3 47. Kg2 Re3 48. Kf2 Re4 49. Nd3 Ke7 50. Kf3 Rd4 51. Rc7+ Kd8 52. Rc3 Nc4
53. Kg3 Ke7 54. Nf4 Nd6 55. Kf3 g5 56. Nd3 Nc4 57. Kg3 Kd6 58. Nf2 Ke6 59. Rc2
Nd6 0-1

[Event "Harmonie Chess Tournament 2005"]
[Site "Groningen NED"]
[Date "2005.12.28"]
[Round "6.2"]
[White "Ragger, Markus"]
[Black "Brandenburg, Daan"]
[Result "0-1"]
[WhiteElo "2433"]
[BlackElo "2395"]
[PlyCount "107"]
[EventDate "2005.12.23"]
[EventType "tourn"]
[EventRounds "9"]
[EventCountry "NED"]
[EventCategory "7"]
[Source "lmi"]
[SourceDate "2005.12.31"]

1. e4 e6 2. d4 d5 3. Nc3 Nf6 4. Bg5 dxe4 5. Nxe4 Be7 6. Bxf6 gxf6 7. Nf3 a6 8.
Bc4 b5 9. Bb3 f5 10. Ng3 c5 11. dxc5 Qxd1+ 12. Rxd1 Bxc5 13. O-O Nc6 14. Rd3
Be7 15. Rfd1 Bb7 16. c3 Rd8 17. Rxd8+ Bxd8 18. Nd4 Ke7 19. Ndxf5+ exf5 20.
Nxf5+ Kf6 21. Nd6 Ba8 22. Nxf7 Re8 23. Kf1 Bc7 24. Nh6 Ne5 25. Rd4 Rd8 26. Ng8+
Kg7 27. Ne7 Rxd4 28. Nf5+ Kf6 29. Nxd4 Bb6 30. Bc2 h5 31. h4 Nc4 32. b3 Nd2+
33. Ke2 Ne4 34. Bxe4 Bxe4 35. f3 Bb1 36. a3 Ke5 37. Nc6+ Kd6 38. Nb4 a5 39. Nd3
Bxd3+ 40. Kxd3 Bf2 41. c4 Kc6 42. g4 hxg4 43. fxg4 Bxh4 44. Kd4 Be7 45. b4 a4
46. cxb5+ Kxb5 47. Kc3 Bf6+ 48. Kc2 Kc4 49. Kb1 Kb3 50. b5 Bd8 51. g5 Bxg5 52.
b6 Kxa3 53. b7 Bf4 54. Kc2 0-1

[Event "Harmonie Chess Tournament 2005"]
[Site "Groningen NED"]
[Date "2005.12.28"]
[Round "6.4"]
[White "Tan, Matthew"]
[Black "Rau, Hannes"]
[Result "1-0"]
[WhiteElo "2298"]
[BlackElo "2421"]
[PlyCount "75"]
[EventDate "2005.12.23"]
[EventType "tourn"]
[EventRounds "9"]
[EventCountry "NED"]
[EventCategory "7"]
[Source "lmi"]
[SourceDate "2005.12.31"]

1. e4 c5 2. Nf3 Nc6 3. d4 cxd4 4. Nxd4 Nf6 5. Nc3 d6 6. Bg5 e6 7. Qd2 a6 8.
O-O-O h6 9. Be3 Bd7 10. f3 b5 11. g4 Qc7 12. Kb1 Ne5 13. Bd3 b4 14. Nce2 d5 15.
Bf4 dxe4 16. Bxe4 Nxe4 17. fxe4 Ra7 18. Bxe5 Qxe5 19. Nc6 Qc7 20. Nxa7 Qxa7 21.
h4 Be7 22. g5 Bc6 23. Ng3 Qc7 24. Qe3 Qe5 25. Qb6 Qb5 26. Qc7 Qb7 27. Qe5 hxg5
28. hxg5 Rxh1 29. Rxh1 g6 30. Qd4 Qd7 31. Rh8+ Bf8 32. Qxd7+ Bxd7 33. e5 Bc6
34. c4 Ke7 35. Rg8 f5 36. gxf6+ Kf7 37. Rh8 g5 38. Kc2 1-0

[Event "Harmonie Chess Tournament 2005"]
[Site "Groningen NED"]
[Date "2005.12.29"]
[Round "7.1"]
[White "Michielsen, Joost"]
[Black "Pruijssers, Roeland"]
[Result "1-0"]
[WhiteElo "2362"]
[BlackElo "2310"]
[PlyCount "81"]
[EventDate "2005.12.23"]
[EventType "tourn"]
[EventRounds "9"]
[EventCountry "NED"]
[EventCategory "7"]
[Source "lmi"]
[SourceDate "2005.12.31"]

1. e4 e5 2. Nf3 Nc6 3. Bb5 a6 4. Ba4 Nf6 5. O-O Be7 6. Re1 b5 7. Bb3 O-O 8. h3
d6 9. c3 Nb8 10. d4 Nbd7 11. Nbd2 Bb7 12. a4 h6 13. Bc2 Re8 14. Bd3 c6 15. Nf1
Bf8 16. Ng3 g6 17. Bd2 Bg7 18. Qc1 Kh7 19. h4 Rc8 20. h5 Qb6 21. b4 c5 22. bxc5
dxc5 23. d5 c4 24. Bc2 Ng4 25. Rf1 Bf8 26. Nh2 Nxh2 27. Kxh2 Qd8 28. hxg6+ fxg6
29. Rh1 Nf6 30. Kg1 h5 31. Bg5 Rc7 32. Bd1 Bg7 33. Qe3 Kg8 34. axb5 axb5 35.
Qb6 Rf8 36. Be2 Qd7 37. Ra7 Ne8 38. Qxg6 Qf7 39. Qxf7+ Rcxf7 40. Bxh5 Rd7 41.
Bg4 1-0

[Event "Harmonie Chess Tournament 2005"]
[Site "Groningen NED"]
[Date "2005.12.29"]
[Round "7.1"]
[White "Rau, Hannes"]
[Black "Ris, Robert"]
[Result "0-1"]
[WhiteElo "2421"]
[BlackElo "2337"]
[PlyCount "60"]
[EventDate "2005.12.23"]
[EventType "tourn"]
[EventRounds "9"]
[EventCountry "NED"]
[EventCategory "7"]
[Source "lmi"]
[SourceDate "2005.12.31"]

1. d4 Nf6 2. c4 e6 3. Nc3 Bb4 4. Qc2 d5 5. cxd5 exd5 6. Bg5 c5 7. Nf3 h6 8.
Bxf6 Qxf6 9. a3 Ba5 10. e3 O-O 11. Be2 Be6 12. O-O Nd7 13. Rac1 Rac8 14. Qb3
Bxc3 15. Rxc3 b6 16. Rfc1 Rc7 17. Qa4 Rfc8 18. dxc5 bxc5 19. Qa5 Ne5 20. Nd4
Nc4 21. Rxc4 dxc4 22. Nxe6 Qxe6 23. Bxc4 Qe5 24. b3 Rd7 25. g3 Rcd8 26. Bf1 Qb2
27. Rxc5 Qxb3 28. Bc4 Qb7 29. Be2 Rd1+ 30. Bf1 Rxf1+ 0-1

[Event "Harmonie Chess Tournament 2005"]
[Site "Groningen NED"]
[Date "2005.12.29"]
[Round "7.3"]
[White "Adly, Ahmed"]
[Black "Tan, Matthew"]
[Result "1-0"]
[WhiteElo "2480"]
[BlackElo "2298"]
[PlyCount "99"]
[EventDate "2005.12.23"]
[EventType "tourn"]
[EventRounds "9"]
[EventCountry "NED"]
[EventCategory "7"]
[Source "lmi"]
[SourceDate "2005.12.31"]

1. d4 d5 2. Nf3 c6 3. e3 Nf6 4. b3 Bf5 5. Bb2 Nbd7 6. Nbd2 e6 7. Be2 Ne4 8. O-O
Bd6 9. Ne5 Nxd2 10. Qxd2 f6 11. Nf3 Bg4 12. c4 O-O 13. h3 Bxf3 14. Bxf3 f5 15.
Qd3 Qh4 16. cxd5 exd5 17. Rfe1 g5 18. Qf1 g4 19. Bd1 Nf6 20. g3 Qxh3 21. Qxh3
gxh3 22. Bf3 Ne4 23. Re2 Rf6 24. Kh2 Rh6 25. a4 Re8 26. Rc2 Ree6 27. Bxe4 fxe4
28. Ba3 Kf7 29. Bc5 Bxc5 30. Rxc5 a6 31. b4 b5 32. axb5 axb5 33. Ra7+ Kf6 34.
Rc2 Kf5 35. Rg7 Kf6 36. Rg4 Ke7 37. Rf4 Kd6 38. Ra2 Rhf6 39. Rh4 Re7 40. Kxh3
Ref7 41. Kg2 h6 42. Kg1 Ke6 43. Rh5 Kd6 44. Rh2 Kc7 45. Ra7+ Kb6 46. Rxf7 Rxf7
47. Rxh6 Rg7 48. Rf6 Rg8 49. Kg2 Rg7 50. Rf4 1-0

[Event "Harmonie Chess Tournament 2005"]
[Site "Groningen NED"]
[Date "2005.12.29"]
[Round "7.4"]
[White "Brandenburg, Daan"]
[Black "Frolyanov, Dmitry"]
[Result "1-0"]
[WhiteElo "2395"]
[BlackElo "2508"]
[PlyCount "124"]
[EventDate "2005.12.23"]
[EventType "tourn"]
[EventRounds "9"]
[EventCountry "NED"]
[EventCategory "7"]
[Source "lmi"]
[SourceDate "2005.12.31"]

1. e4 c5 2. Nf3 Nc6 3. d4 cxd4 4. Nxd4 Nf6 5. Nc3 e5 6. Ndb5 d6 7. Bg5 a6 8.
Na3 b5 9. Bxf6 gxf6 10. Nd5 Bg7 11. c3 f5 12. exf5 Bxf5 13. Nc2 O-O 14. Nce3
Be6 15. Bd3 f5 16. O-O Ra7 17. a4 Ne7 18. Nxe7+ Rxe7 19. axb5 axb5 20. Bxb5 d5
21. Ra6 Kh8 22. Qa4 f4 23. Nc2 f3 24. g3 Bc8 25. Ra8 Qd6 26. Ra1 Ref7 27. Ba6
Bf5 28. Rxf8+ Rxf8 29. Bf1 Qg6 30. Ne3 Be4 31. Qd7 d4 32. Nc4 Bf5 33. Qe7 Qf6
34. Qb7 dxc3 35. bxc3 e4 36. Ra3 Bg6 37. Ne3 Qd6 38. Qb4 Qd2 39. h4 Rd8 40. Qa5
h6 41. Ra2 Bxc3 42. Qc7 Qd4 43. Ra6 Rg8 44. h5 Bh7 45. Rxh6 Qg7 46. Qxg7+ Bxg7
47. Rd6 Rb8 48. Bc4 Bf8 49. Rd7 Bc5 50. Nf1 Rb2 51. Rd2 Rb6 52. Rd5 Bf8 53. Rd8
Kg7 54. g4 Rc6 55. Bd5 Rf6 56. Ng3 e3 57. fxe3 f2+ 58. Kg2 Kh6 59. Bf3 Bc5 60.
g5+ Kxg5 61. Rd5+ Kh4 62. Rxc5 Be4 1-0

[Event "Harmonie Chess Tournament 2005"]
[Site "Groningen NED"]
[Date "2005.12.29"]
[Round "7.5"]
[White "Ernst, Sipke"]
[Black "Ragger, Markus"]
[Result "1-0"]
[WhiteElo "2473"]
[BlackElo "2433"]
[PlyCount "85"]
[EventDate "2005.12.23"]
[EventType "tourn"]
[EventRounds "9"]
[EventCountry "NED"]
[EventCategory "7"]
[Source "lmi"]
[SourceDate "2005.12.31"]

1. Nf3 Nf6 2. c4 e6 3. g3 d5 4. Bg2 c6 5. b3 Nbd7 6. Bb2 Bd6 7. d4 O-O 8. O-O
b6 9. Qc2 Bb7 10. Nc3 Qc7 11. e4 dxe4 12. Ng5 Be7 13. Rad1 Rad8 14. Rfe1 h6 15.
Ngxe4 Nxe4 16. Nxe4 Nf6 17. d5 cxd5 18. Nxf6+ Bxf6 19. Bxf6 gxf6 20. Rd4 Rfe8
21. Qc1 e5 22. Rg4+ Kf8 23. Qxh6+ Ke7 24. cxd5 Bxd5 25. Rf4 Qc6 26. Rc4 Qb7 27.
Qc1 Rd7 28. Qa3+ Kd8 29. Bxd5 Rxd5 30. Rec1 a5 31. Rc6 Qd7 32. h4 Rd3 33. Rxf6
Rg8 34. Kh2 Rdxg3 35. fxg3 Qd2+ 36. Kh3 Qd7+ 37. Kg2 Qd2+ 38. Rf2 Qd3 39. Rf3
Qd2+ 40. Kh1 Qd5 41. Rcf1 Qd7 42. Qb2 e4 43. Qf6+ 1-0

[Event "Harmonie Chess Tournament 2005"]
[Site "Groningen NED"]
[Date "2005.12.29"]
[Round "8.1"]
[White "Pruijssers, Roeland"]
[Black "Ragger, Markus"]
[Result "1/2-1/2"]
[WhiteElo "2310"]
[BlackElo "2433"]
[PlyCount "150"]
[EventDate "2005.12.23"]
[EventType "tourn"]
[EventRounds "9"]
[EventCountry "NED"]
[EventCategory "7"]
[Source "lmi"]
[SourceDate "2005.12.31"]

1. e4 e5 2. Nf3 Nc6 3. Bb5 a6 4. Ba4 Nf6 5. O-O Be7 6. Re1 b5 7. Bb3 O-O 8. h3
d6 9. c3 Na5 10. Bc2 c5 11. d4 Qc7 12. Nbd2 Rd8 13. b3 Bd7 14. d5 g6 15. Nf1 c4
16. b4 Nb7 17. Be3 a5 18. a3 Ra6 19. Ng3 Rda8 20. Rc1 axb4 21. axb4 Ne8 22. Nh2
Ra3 23. Qd2 Ra2 24. Ng4 Nd8 25. Rf1 f6 26. f4 Bxg4 27. hxg4 exf4 28. Bxf4 Qa7+
29. Be3 Qd7 30. Ne2 Qxg4 31. Nf4 Ng7 32. Qe1 Nf7 33. Bd1 Qd7 34. Qg3 Ng5 35.
Bf3 Bd8 36. Ne2 Nxe4 37. Qe1 Ng5 38. Bxg5 fxg5 39. Qg3 Nf5 40. Qh3 Bb6+ 41. Kh1
Be3 42. Rce1 Bd2 43. Rb1 Rf8 44. Nd4 Qa7 45. Bg4 Nxd4 46. cxd4 Rxf1+ 47. Rxf1
Ra1 48. Bd1 Bf4 49. g3 Qf7 50. Qg2 Qf5 51. gxf4 gxf4 52. Kg1 Qd3 53. Qe2 Qxd4+
54. Kh2 Qe5 55. Qg4 Ra2+ 56. Kh1 Qxd5+ 57. Bf3 Qf5 58. Qxf5 gxf5 59. Bc6 Rb2
60. Bxb5 Rxb4 61. Bd7 c3 62. Rc1 Kf7 63. Bxf5 Rc4 64. Bxh7 Kf6 65. Kg2 Ke5 66.
Kf3 d5 67. Re1+ Kd6 68. Rc1 Kc5 69. Bg8 Kd6 70. Bh7 Ke5 71. Re1+ Kd4 72. Rd1+
Kc5 73. Bg8 c2 74. Rc1 Kd4 75. Bh7 Rc3+ 1/2-1/2

[Event "Harmonie Chess Tournament 2005"]
[Site "Groningen NED"]
[Date "2005.12.29"]
[Round "8.2"]
[White "Frolyanov, Dmitry"]
[Black "Ernst, Sipke"]
[Result "0-1"]
[WhiteElo "2508"]
[BlackElo "2473"]
[PlyCount "76"]
[EventDate "2005.12.23"]
[EventType "tourn"]
[EventRounds "9"]
[EventCountry "NED"]
[EventCategory "7"]
[Source "lmi"]
[SourceDate "2005.12.31"]

1. e4 e5 2. Nf3 Nc6 3. Bb5 a6 4. Ba4 Nf6 5. O-O Nxe4 6. d4 b5 7. Bb3 d5 8. dxe5
Be6 9. Nbd2 Be7 10. c3 O-O 11. Bc2 f5 12. Nb3 Qd7 13. Qe2 b4 14. Nbd4 bxc3 15.
Ba4 Nxd4 16. Nxd4 Qxa4 17. Nxe6 cxb2 18. Bxb2 Rfc8 19. Qh5 Rab8 20. Qxf5 g6 21.
Qh3 Rxb2 22. Ng5 Nxg5 23. Qxc8+ Kf7 24. Rae1 Ne6 25. Qh8 g5 26. Re3 Rb4 27. a3
Rd4 28. g3 g4 29. Ree1 Kg6 30. f4 gxf3 31. Rxf3 Ng5 32. Rff1 Rd2 33. h4 Qc6 34.
Qg8+ Kh5 35. Rc1 Qe6 36. Qxe6 Nxe6 37. Rc6 Bc5+ 38. Kh1 Kg4 0-1

[Event "Harmonie Chess Tournament 2005"]
[Site "Groningen NED"]
[Date "2005.12.29"]
[Round "8.3"]
[White "Tan, Matthew"]
[Black "Brandenburg, Daan"]
[Result "0-1"]
[WhiteElo "2298"]
[BlackElo "2395"]
[PlyCount "95"]
[EventDate "2005.12.23"]
[EventType "tourn"]
[EventRounds "9"]
[EventCountry "NED"]
[EventCategory "7"]
[Source "lmi"]
[SourceDate "2005.12.31"]

1. e4 c5 2. Nf3 Nc6 3. d4 cxd4 4. Nxd4 Nf6 5. Nc3 d6 6. Bg5 Qb6 7. Nb3 e6 8.
Bxf6 gxf6 9. Qd2 a6 10. O-O-O Bd7 11. Kb1 h5 12. f4 O-O-O 13. Bd3 Kb8 14. Rhf1
Bc8 15. Be2 Ne7 16. Qe1 f5 17. Bd3 fxe4 18. Nxe4 Nc6 19. Ng5 Qc7 20. Qc3 Rg8
21. h4 Bg7 22. Qd2 a5 23. a4 Nb4 24. Bb5 Bf6 25. g3 d5 26. Rf2 Rg7 27. Qe3 Be7
28. Rfd2 Bd6 29. c3 Nc6 30. Bxc6 bxc6 31. c4 Bb4 32. Rf2 c5 33. Qe5 Qxe5 34.
fxe5 Rd7 35. Nc1 Ba6 36. cxd5 exd5 37. Rf6 Kb7 38. Nd3 Bc4 39. Nxb4 cxb4 40. e6
fxe6 41. Nxe6 Rd6 42. Nxg7 Rxf6 43. Nxh5 Rf3 44. Kc1 Kc6 45. Rg1 Bd3 46. Nf4
Be4 47. h5 Rf2 48. g4 0-1

[Event "Harmonie Chess Tournament 2005"]
[Site "Groningen NED"]
[Date "2005.12.29"]
[Round "8.5"]
[White "Michielsen, Joost"]
[Black "Rau, Hannes"]
[Result "1/2-1/2"]
[WhiteElo "2362"]
[BlackElo "2421"]
[PlyCount "66"]
[EventDate "2005.12.23"]
[EventType "tourn"]
[EventRounds "9"]
[EventCountry "NED"]
[EventCategory "7"]
[Source "lmi"]
[SourceDate "2005.12.31"]

1. e4 c5 2. Nf3 Nc6 3. d4 cxd4 4. Nxd4 Nf6 5. Nc3 d6 6. Bg5 e6 7. Qd2 a6 8.
O-O-O h6 9. Nxc6 bxc6 10. Bf4 d5 11. Qe3 Be7 12. Be2 O-O 13. h4 Re8 14. Qg3 Kh8
15. Bc7 Qd7 16. Be5 a5 17. Kb1 Ba6 18. Bf3 Bf8 19. Rhe1 a4 20. Qf4 Ng8 21. exd5
exd5 22. Nxa4 f6 23. Bd4 Bc4 24. b3 Reb8 25. Nb6 Rxb6 26. Bxb6 Qb7 27. Bd4 Ba3
28. Bb2 Qa7 29. Bxa3 Qxa3 30. bxc4 Qb4+ 31. Ka1 Qc3+ 32. Kb1 Qb4+ 33. Ka1 Qc3+
1/2-1/2

[Event "Harmonie Chess Tournament 2005"]
[Site "Groningen NED"]
[Date "2005.12.30"]
[Round "9.2"]
[White "Adly, Ahmed"]
[Black "Michielsen, Joost"]
[Result "1/2-1/2"]
[WhiteElo "2480"]
[BlackElo "2362"]
[PlyCount "103"]
[EventDate "2005.12.23"]
[EventType "tourn"]
[EventRounds "9"]
[EventCountry "NED"]
[EventCategory "7"]
[Source "lmi"]
[SourceDate "2005.12.31"]

1. d4 d5 2. Nd2 Nf6 3. Ngf3 c5 4. e3 Nc6 5. c3 cxd4 6. exd4 Bf5 7. Be2 e6 8.
Nf1 Bd6 9. Ne3 Bg6 10. g3 O-O 11. O-O Rb8 12. a4 a6 13. Nh4 b5 14. axb5 axb5
15. Nxg6 hxg6 16. Bf3 Qb6 17. Bg2 Na5 18. b4 Nb7 19. Qd3 Rfc8 20. Nc2 Qc6 21.
Bd2 Ne4 22. Ra3 Be7 23. f3 Nxd2 24. Qxd2 Nd6 25. Ne3 Ra8 26. Rfa1 Ra4 27. Qb2
Rca8 28. Bf1 R8a7 29. Nc2 Qa8 30. Bd3 g5 31. Kf2 Bf6 32. Rxa4 Rxa4 33. Rxa4
Qxa4 34. Qa3 Qxa3 35. Nxa3 e5 36. Ke3 exd4+ 37. cxd4 Kf8 38. g4 Nc4+ 39. Bxc4
bxc4 40. b5 Ke7 41. Nc2 Kd6 42. Nb4 Bd8 43. Nc6 Bf6 44. Kd2 Kc7 45. Kc3 Kb6 46.
Kb4 g6 47. h3 Bg7 48. Kc3 Bf8 49. Ne5 Kxb5 50. Nxf7 Bb4+ 51. Kc2 Be7 52. Ne5
1/2-1/2

[Event "Harmonie Chess Tournament 2005"]
[Site "Groningen NED"]
[Date "2005.12.30"]
[Round "9.3"]
[White "Brandenburg, Daan"]
[Black "Ris, Robert"]
[Result "0-1"]
[WhiteElo "2395"]
[BlackElo "2337"]
[PlyCount "136"]
[EventDate "2005.12.23"]
[EventType "tourn"]
[EventRounds "9"]
[EventCountry "NED"]
[EventCategory "7"]
[Source "lmi"]
[SourceDate "2005.12.31"]

1. e4 c5 2. Nf3 d6 3. d4 cxd4 4. Nxd4 Nf6 5. Nc3 a6 6. Bg5 e6 7. f4 Nbd7 8. Qf3
Qc7 9. O-O-O b5 10. Bd3 Bb7 11. Rhe1 Qb6 12. Nce2 O-O-O 13. Kb1 Kb8 14. Qh3 Rc8
15. Qe3 Be7 16. h3 h6 17. Bh4 Ng4 18. hxg4 Bxh4 19. g3 Bf6 20. Rf1 Rc7 21. c3
b4 22. Bc2 Rhc8 23. Bb3 Nc5 24. Bc2 Nxe4 25. cxb4 d5 26. a3 Nd6 27. Bd3 g6 28.
Nf5 Qxe3 29. Nxe3 Re8 30. Nc2 Nc4 31. Bxc4 Rxc4 32. Ncd4 Ka7 33. Rd2 Kb6 34.
Nb3 d4 35. Nexd4 Rd8 36. Nc2 Rxd2 37. Nxd2 Rc8 38. Nb3 Rd8 39. Nc5 Bc6 40. Ne3
Bb5 41. Rd1 Rxd1+ 42. Nxd1 Bd4 43. Nb3 Bg1 44. Nc3 Bh2 45. Nxb5 axb5 46. Nd4
Bxg3 47. Ne2 Bf2 48. Kc2 h5 49. Kd3 hxg4 50. Ke4 f6 51. b3 Kc6 52. a4 Kd6 53.
Nc3 f5+ 54. Kd3 bxa4 55. bxa4 Be1 56. Nb5+ Kd7 57. a5 g3 58. a6 g2 59. a7 g1=Q
60. a8=Q Qf1+ 61. Kc2 Qxb5 62. Qg8 Bxb4 63. Qg7+ Be7 64. Qxg6 Qc4+ 65. Kb2 Qxf4
66. Qf7 Qe5+ 67. Kc2 f4 68. Kd1 f3 0-1

[Event "Harmonie Chess Tournament 2005"]
[Site "Groningen NED"]
[Date "2005.12.30"]
[Round "9.4"]
[White "Ernst, Sipke"]
[Black "Tan, Matthew"]
[Result "1/2-1/2"]
[WhiteElo "2473"]
[BlackElo "2298"]
[PlyCount "42"]
[EventDate "2005.12.23"]
[EventType "tourn"]
[EventRounds "9"]
[EventCountry "NED"]
[EventCategory "7"]
[Source "lmi"]
[SourceDate "2005.12.31"]

1. d4 d5 2. c4 c6 3. Nf3 Nf6 4. e3 e6 5. Nbd2 Nbd7 6. Bd3 Bd6 7. O-O O-O 8. e4
dxe4 9. Nxe4 Nxe4 10. Bxe4 c5 11. dxc5 Nxc5 12. Bc2 a5 13. Qd4 Be7 14. Qe5 f6
15. Qh5 f5 16. Bg5 Bxg5 17. Qxg5 Qxg5 18. Nxg5 Rd8 19. Rfd1 Bd7 20. Nf3 Bc6 21.
Ne5 Kf8 1/2-1/2